| 000 | 00501nam a2200181Ia 4500 | ||
|---|---|---|---|
| 005 | 20250508162826.0 | ||
| 008 | 008 250505s9999 xx 000 0 eng d | ||
| 037 | _aReference | ||
| 040 |
_aFEDL _beng _cFEDL |
||
| 041 |
_aeng _2eng |
||
| 084 |
_a491.25, MIS _qFEDL |
||
| 100 |
_aMishra Har Mohan _9774123 |
||
| 245 | 0 | _aCritique of panini's grammar | |
| 260 |
_aPatna, India _bAnupam Publications _c1986 |
||
| 300 | _a92p. | ||
| 942 |
_cREF _h491.25, MIS |
||
| 999 |
_c1378905 _d1378905 |
||